India T20i cricketers - Statistics

General Stats
  • This quiz has been taken 57 times
    30 since last reset
  • The average score is 70 of 119
Answer Stats
# Debut Player % Correct
159 Rohit Sharma
96%
125 Virat Kohli
96%
28 Harbhajan Singh
91%
72 KL Rahul
91%
26* Rinku Singh
91%
8* 2024 Abhishek Sharma
87%
61* Arshdeep Singh
87%
70* 2016 Jasprit Bumrah
87%
4 Joginder Sharma
87%
40* Kuldeep Yadav
87%
23 2014 Mohammed Shami
87%
74 2009 Ravindra Jadeja
87%
1 2007 Sachin Tendulkar
87%
74* Suryakumar Yadav
87%
58 Yuvraj Singh
87%
87 Bhuvneshwar Kumar
83%
14 Ishant Sharma
83%
3 Mandeep Singh
83%
8 Mohit Sharma
83%
2* Ramandeep Singh
83%
2 Sandeep Sharma
83%
33* Sanju Samson
83%
62* Axar Patel
78%
37 Gautam Gambhir
78%
105* Hardik Pandya
78%
9* Jitesh Sharma
78%
1 Karn Sharma
78%
98 Mahendra Dhoni
78%
16* Mohammed Siraj
78%
17* Mukesh Kumar
78%
10 2008 Praveen Kumar
78%
2 2012 Rahul Sharma
78%
65 Ravichandran Ashwin
78%
76* Rishabh Pant
78%
10 RP Singh
78%
33* Shivam Dube
78%
21* Shubman Gill
78%
78 Suresh Raina
78%
9 Umesh Yadav
78%
9 Vinay Kumar
78%
24 Irfan Pathan
74%
19 Krunal Pandya
74%
3* Mayank Yadav
74%
3 2011 Munaf Patel
74%
2 Parthiv Patel
74%
16* Tilak Varma
74%
19 Virender Sehwag
74%
22 Yusuf Pathan
74%
80 Yuzvendra Chahal
74%
17 Zaheer Khan
74%
23* Avesh Khan
70%
25 Harshal Patel
70%
1 Rahul Dravid
70%
10 Shanthakumaran Sreesanth
70%
68 Shikhar Dhawan
70%
20 Ajinkya Rahane
65%
27 Ashish Nehra
65%
39 Manish Pandey
65%
51 Shreyas Iyer
65%
52* Washington Sundar
65%
23* Yashasvi Jaiswal
65%
32 2021 Ishan Kishan
61%
23* Ruturaj Gaikwad
61%
1* 2025 Harshit Rana
57%
7 Piyush Chawla
57%
1 Rishi Dhawan
57%
8 Umran Malik
57%
9 Venkatesh Iyer
57%
2 Nitish Rana
52%
9* Varun Chakravarthy
52%
4 2006 Ajit Agarkar
48%
25 Deepak Chahar
48%
59 Dinesh Karthik
48%
18* Khaleel Ahmed
48%
3 Manoj Tiwary
48%
2 Naman Ojha
48%
3* Nitish Reddy
48%
6 Pragyan Ojha
48%
6 Rahul Chahar
48%
2 Shahbaz Ahmed
48%
25 2018 Shardul Thakur
48%
10 Amit Mishra
43%
9 Ashok Dinda
43%
13 Robin Uthappa
43%
6 Ambati Rayudu
39%
21 Deepak Hooda
39%
9 2010 Murali Vijay
39%
5 Prasidh Krishna
39%
33* 2022 Ravi Bishnoi
39%
9 Vijay Shankar
39%
1 Dinesh Mongia
35%
9 Kedar Jadhav
35%
5 Lakshmipathy Balaji
35%
1 Pawan Negi
35%
1* Sai Sudharsan
35%
1 Subramaniam Badrinath
35%
2 Barinder Sran
30%
2* Dhruv Jurel
30%
1 Murali Kartik
30%
1 2017 Parvez Rasool
30%
9* Riyan Parag
30%
3 Sai Kishore
30%
3 2015 Stuart Binny
30%
4 2020 Thangarasu Natarajan
30%
2 Devdutt Padikkal
26%
2 Dhawal Kulkarni
26%
11 Navdeep Saini
26%
1 Prithvi Shaw
26%
5 Rahul Tripathi
26%
10 Jaydev Unadkat
22%
1 Sudeep Tyagi
22%
1 2019 Mayank Markande
17%
2 Parvinder Awana
17%
1 Sandeep Warrier
17%
6 2023 Shivam Mavi
17%
3 Siddarth Kaul
17%
1 Sreenath Aravind
17%
2 Chetan Sakariya
13%
2* Tushar Deshpande
13%
No matching quizzes found
Score Distribution
Percent of People with Each Score
Percentile by Number Answered
Your Score History
You have not taken this quiz since the last reset